=LDR 00000nam 2200000 4500 =001 NUTBA000000000003129 =005 20140724094744.0 =006 =007 =008 =020 ##$$a 979-911-283-4 =035 ##$$a 0010-071400000000317 =040 ##$$a NBPDMAT =082 ##$$a 372.7 =090 ##$$a 372.7 $b Soe h =100 ##$$a Soemardi Rahayo =245 ##$$a Hafalah adbel dan rumus matematika untuk SD kelas 1,2, dan 3 $c Soemardi Raharjo ; penyunting, Fina =260 ##$$a Yogyakarta : $b Quantum Ilmu, $c 2013 =300 ##$$a 140 hlm. : $b ilus. ; $c 25 cm. =500 ##$$a Bibliografi : hlm. 140 =650 ##$$a Matematika - SD =700 ##$$a Fina =850 ##$$a NBPDMAT =990 ##$$a 21406347